Statistics for Most Popular Types of Pasta

Click here to take the quiz!

General Stats

  • This quiz has been taken 24,474 times
  • The average score is 9 of 19

Answer Stats

# Results Description Answer % Correct
772Thin stringsSpaghetti
97%
563Wide, flat sheetsLasagne
80%
78Stuffed squaresRavioli
74%
273CylindersPenne
72%
534Semicircular tubesMacaroni
62%
175Very thin stringsAngel Hair
56%
346NeckwearBow Tie/Farfalle
55%
225StringsLinguine
50%
240CorkscrewsRotini/Fusilli
47%
116Wider stringsFettuccine
46%
31LumpsGnocchi
45%
88Ring shaped and stuffedTortellini
45%
58Wider cylindersRigatoni
36%
219Aquatic creaturesConchiglie/Shells
30%
112Rice shapedOrzo
29%
37Polish dumplingsPierogi
21%
62Longer cylindersZiti
20%
37Large, ribbed stuffed cylindersManicotti
20%
44Thin stringsVermicelli
17%

Score Distribution

Percentile by Number Answered

Percent of People with Each Score

Your Score History

You have not taken this quiz